|
|
|
|
| LEADER |
00635 a2200169 4500 |
| 020 |
|
|
|a 9788183610636
|
| 082 |
|
|
|a H300 9
|b VIJ/S
|
| 100 |
|
|
|a Elegbam Vijayalekshmi
|9 6656
|
| 245 |
|
|
|a Samakaleen hindi upanyas: samay se saakshathkar/
|c by Elegbam Vijayalekshmi.
|
| 260 |
|
|
|a New Delhi:
|b Radhakrishna Prakasan,
|c 2009.
|
| 300 |
|
|
|a 246p.
|
| 650 |
|
|
|a Novel Hindi Criticism
|9 6657
|
| 650 |
|
|
|a Literature Hindi
|9 6658
|
| 650 |
|
|
|a Literature
|9 6659
|
| 942 |
|
|
|c BK
|
| 999 |
|
|
|c 60773
|d 60773
|
| 952 |
|
|
|0 0
|1 0
|4 0
|6 H_300_900000000000000_VIJ_S
|7 0
|9 83871
|a SSUS
|b SSUS
|c STACKS
|d 2016-11-17
|g 350.00
|l 2
|o H300 9 VIJ/S
|p 082678
|r 2018-04-19
|s 2018-04-06
|w 2016-11-17
|y BK
|